00557nam a2200181Ia 450000500170000000800410001704000190005804100120007708200160008910000180010524501020012325000160022526000480024130000150028965000200030465100410032485000100036520210222133052.0131103s9999 xx 000 0 und d aLoreto College aEnglish a954.04bBRA aBrass,Paul R. 4aThe New Cambridge History of India IV.Ib The politics of India since Independence cPaul R.Brass a2nd edition aNew DelhibCambridge University Pressc1990 axx,403 p.  aHistory - India aPolitics Of India since Independence aLCLIB